| 000 | 00345nam a22001217a 4500 | ||
|---|---|---|---|
| 999 |
_c9534 _d9534 |
||
| 003 | OSt | ||
| 008 | 201209b ||||| |||| 00| 0 eng d | ||
| 245 | _aIndian Journal of Physics | ||
| 250 | _a2012(Jan Vol.86 No.1, Feb Vol.86 No.2, Mar Vol.86 No.3, Apr Vol.86 No.4) | ||
| 260 |
_aBengaluru _bSpringer |
||
| 650 | _aApplied Science | ||
| 942 |
_2ddc _cBV |
||